[Event "Sharjah Masters-A 8th"]
[Site "Sharjah"]
[Date "2025.05.20"]
[Round "4"]
[White "Theodorou, Nikolas"]
[Black "Dai, Changren"]
[Result "1/2-1/2"]
[WhiteElo "2611"]
[BlackElo "2531"]
[PlyCount "39"]
[EventDate "2025.05.17"]
[EventType "swiss"]
[EventRounds "9"]
[EventCountry "UAE"]
[SourceTitle "CB22_2025"]
[SourceDate "2025.05.28"]
[SourceVersion "1"]
[SourceVersionDate "2025.05.28"]
[SourceQuality "1"]

1. d4 Nf6 2. Nf3 d5 3. Bf4 c5 4. e3 e6 5. Be2 Bd6 6. dxc5 Bxc5 7. 0-0 0-0 8. c4 b6 9. Nc3 Bb7 10. cxd5 Nxd5 11. Nxd5 Bxd5 12. a3 Nd7 13. b4 Be7 14. Rc1 Rc8 15. Qa4 a5 16. Rxc8 Qxc8 17. bxa5 bxa5 18. Qxa5 Qa8 19. Qc7 Bc6 20. Bg5 1/2-1/2

[Event "Saint Louis Spring-A"]
[Site "Saint Louis"]
[Date "2025.04.29"]
[Round "9"]
[White "Bok, Benjamin"]
[Black "Theodorou, Nikolas"]
[Result "1/2-1/2"]
[WhiteElo "2592"]
[BlackElo "2611"]
[PlyCount "69"]
[EventDate "2025.04.21"]
[EventType "tourn"]
[EventRounds "9"]
[EventCountry "USA"]
[EventCategory "14"]
[SourceTitle "CB18_2025"]
[SourceDate "2025.04.30"]
[SourceVersion "1"]
[SourceVersionDate "2025.04.30"]
[SourceQuality "1"]

1. e4 e5 2. Nf3 Nc6 3. Bb5 a6 4. Ba4 Nf6 5. 0-0 d6 6. Re1 b5 7. Bb3 Na5 8. d4 Nxb3 9. axb3 Bb7 10. dxe5 Nxe4 11. exd6 Qxd6 12. Qxd6 Bxd6 13. Ng5 0-0 14. Nxe4 Rae8 15. Nbc3 f5 16. f3 fxe4 17. Nxe4 Bxe4 18. fxe4 Be5 19. c3 b4 20. Bd2 Rd8 21. Re2 Rxd2 22. Rxd2 bxc3 23. bxc3 Bxc3 24. Rad1 Bxd2 25. Rxd2 Rb8 26. Rc2 Rxb3 27. Rxc7 Rb4 28. Ra7 Rxe4 29. Rxa6 Re2 30. Ra8+ Kf7 31. Ra7+ Kf6 32. Ra6+ Kf7 33. Ra7+ Kf6 34. Ra6+ Kf7 35. Ra7+ 1/2-1/2

[Event "Saint Louis Spring-A"]
[Site "Saint Louis"]
[Date "2025.04.25"]
[Round "5"]
[White "Theodorou, Nikolas"]
[Black "Kevlishvili, Robby"]
[Result "1/2-1/2"]
[WhiteElo "2611"]
[BlackElo "2536"]
[PlyCount "67"]
[EventDate "2025.04.21"]
[EventType "tourn"]
[EventRounds "9"]
[EventCountry "USA"]
[EventCategory "14"]
[SourceTitle "CB18_2025"]
[SourceDate "2025.04.30"]
[SourceVersion "1"]
[SourceVersionDate "2025.04.30"]
[SourceQuality "1"]

1. Nf3 d5 2. b3 Bf5 3. Bb2 e6 4. g3 h6 5. Bg2 Nf6 6. 0-0 Be7 7. d3 0-0 8. Nc3 Nc6 9. a3 Re8 10. Re1 Bh7 11. e4 dxe4 12. dxe4 Qxd1 13. Raxd1 Red8 14. Nd2 Nd4 15. Rc1 Nd7 16. Ne2 Nxe2+ 17. Rxe2 Nb8 18. Nc4 Nc6 19. Kf1 b5 20. Ne3 Rab8 21. Ke1 Na5 22. Rd1 Rxd1+ 23. Kxd1 Nb7 24. Rd2 Nc5 25. f3 Kf8 26. Be5 Na6 27. Bb2 Nc5 28. Ng4 f6 29. Nf2 Bg6 30. Bh3 Bf7 31. Bc3 Na6 32. Bb2 Nc5 33. Bc3 Na6 34. Bb2 1/2-1/2

[Event "Saint Louis Spring-A"]
[Site "Saint Louis"]
[Date "2025.04.22"]
[Round "2"]
[White "Bruzon Batista, Lazaro"]
[Black "Theodorou, Nikolas"]
[Result "1/2-1/2"]
[WhiteElo "2559"]
[BlackElo "2611"]
[PlyCount "31"]
[EventDate "2025.04.21"]
[EventType "tourn"]
[EventRounds "9"]
[EventCountry "USA"]
[EventCategory "14"]
[SourceTitle "CB18_2025"]
[SourceDate "2025.04.30"]
[SourceVersion "1"]
[SourceVersionDate "2025.04.30"]
[SourceQuality "1"]

1. d4 Nf6 2. c4 e6 3. Nf3 b6 4. g3 Bb7 5. Bg2 Be7 6. 0-0 0-0 7. Bf4 c5 8. dxc5 bxc5 9. Nc3 d6 10. Qc2 Qb6 11. Rfd1 Rd8 12. a3 Nc6 13. Na4 Qa5 14. Nc3 Qb6 15. Na4 Qa5 16. Nc3 1/2-1/2

[Event "Titled Tuesday intern op 01st Apr Early"]
[Site "Chess.com INT"]
[Date "2025.04.01"]
[Round "7"]
[White "Ahmad, Khagan"]
[Black "Theodorou, Nikolas"]
[Result "0-1"]
[WhiteElo "2391"]
[BlackElo "2611"]
[PlyCount "146"]
[EventDate "2025.04.01"]
[EventType "swiss (blitz)"]
[EventRounds "11"]
[EventCountry "USA"]
[SourceTitle "CB15_2025"]
[SourceDate "2025.04.09"]
[SourceVersion "1"]
[SourceVersionDate "2025.04.09"]
[SourceQuality "1"]

1. e4 d5 2. exd5 Qxd5 3. Nc3 Qd6 4. d4 Nf6 5. Nf3 Nc6 6. Nb5 Qd8 7. Bf4 Nd5 8. Qd2 a6 9. Nc3 Bg4 10. Be2 e6 11. h3 Nxf4 12. Qxf4 Bh5 13. Ne5 Nxe5 14. Bxh5 Ng6 15. Qe4 c6 16. 0-0 Be7 17. Ne2 0-0 18. c3 a5 19. f4 Nh4 20. Bf3 a4 21. g3 Nxf3+ 22. Qxf3 Qb6 23. Rab1 c5 24. Kg2 Bf6 25. dxc5 Qxc5 26. Rfd1 Rad8 27. Qxb7 Qc4 28. Nd4 Qxa2 29. Ra1 Qc4 30. Qf3 Bxd4 31. cxd4 Rxd4 32. Rxd4 Qxd4 33. Qc3 Qe4+ 34. Qf3 Qb4 35. Qc3 Qb7+ 36. Kf2 Rc8 37. Qd2 Qb3 38. Ra3 Qb6+ 39. Kg2 h6 40. h4 Qb7+ 41. Kf2 Qh1 42. Rd3 Kh7 43. Rd8 Qh2+ 44. Kf3 Qh1+ 45. Kf2 Rxd8 46. Qxd8 Qh2+ 47. Kf3 Qxb2 48. Qd3+ f5 49. Qa6 Qb3+ 50. Kg2 a3 51. g4 fxg4 52. h5 Qf3+ 53. Kg1 Qg3+ 54. Kh1 Qf3+ 55. Kg1 Qxf4 56. Qd3+ Qf5 57. Qxa3 Qxh5 58. Qd3+ Qf5 59. Qd7 g3 60. Kg2 Qf2+ 61. Kh3 g2 62. Qxe6 Qf3+ 63. Kh2 h5 64. Qe8 Qg4 65. Kg1 Qg6 66. Qe3 Qg4 67. Qe7 h4 68. Qc7 Qf3 69. Qc2+ Kh6 70. Qd2+ g5 71. Qd6+ Kh5 72. Kh2 Qf4+ 73. Kh3 Qxd6 0-1